Pokémon- Tous les Objets rares - Statistiques

Statistiques générales
  • Ce quiz a été pris 17 fois
    12 depuis la dernière actualisation
  • Le résultat moyen est 33 sur 287
Statistiques - réponses
Première apparition (en tant qu'objet rare) Objet rare % Correct
Or et Argent (pas de Poches dans le Sac dans Rouge et Bleu) Bicyclette
70%
Rouge Feu et Vert Feuille (pas de Poches dans le Sac dans Rouge et Bleu) Carte
70%
Or et Argent Arcenci'Aile
60%
Or et Argent Argent'Aile
60%
Or et Argent (pas de Poches dans le Sac dans Rouge et Bleu) Canne
60%
Rubis et Saphir Gemme Bleue
60%
Rubis et Saphir Gemme Rouge
60%
Or et Argent (pas de Poches dans le Sac dans Rouge et Bleu) Méga Canne
60%
Or et Argent (pas de Poches dans le Sac dans Rouge et Bleu) Multi Exp
60%
Or et Argent (pas de Poches dans le Sac dans Rouge et Bleu) Super Canne
60%
Or et Argent (pas de Poches dans le Sac dans Rouge et Bleu) Cherch'Objet
50%
Rubis et Saphir Vélo Cross
50%
Rouge Feu et Vert Feuille Boîte CT
40%
Or et Argent Carte Magnétique (Johto)
40%
Rouge Feu et Vert Feuille (pas de Poches dans le Sac dans Rouge et Bleu) Carte Magnétique (Kanto)
40%
Noir et Blanc Galet Blanc
40%
Noir et Blanc Galet Noir
40%
Rubis Oméga et Saphir Alpha Méga-Bracelet
40%
Rubis et Saphir Météorite (Hoenn)
40%
Écarlate et Violet Météorite (Paldea)
40%
Or et Argent Passe Train
40%
Noir 2 et Blanc 2 Pointeau ADN
40%
Rubis et Saphir Vélo de Course
40%
Diamant et Perle Boîte à Poffins
30%
Diamant et Perle Boîte à Sceaux
30%
Rubis et Saphir Boîte Pokéblocs
30%
Soleil et Lune Bracelet Z
30%
Noir 2 et Blanc 2 Charme Chroma
30%
Noir 2 et Blanc 2 Charme Ovale
30%
Rouge Feu et Vert Feuille Cherch'Combat
30%
Rouge Feu et Vert Feuille(pas de Poches dans le Sac dans Rouge et Bleu) Clé Ascenseur (Kanto)
30%
Rouge Feu et Vert Feuille (pas de Poches dans le Sac dans Rouge et Bleu) Colis (Kanto)
30%
Rubis et Saphir Devon Scope
30%
Diamant et Perle Explorakit
30%
Rubis Oméga et Saphir Alpha Flûte Éon
30%
X et Y Gemme Sésame
30%
Platine Gracidée
30%
Diamant et Perle Notes d'Aventure
30%
Rouge Feu et Vert Feuille TV ABC
30%
X et Y ABC Aventure
20%
Or et Argent (pas de Poches dans le Sac dans Rouge et Bleu) Boîte Jetons
20%
Or Heartgold et Argent Soulsilver Boîte Noigrume
20%
Épée et Bouclier (objet commun avant ces jeux) Corde Sortie
20%
Or et Argent Ecaillerouge
20%
Soleil et Lune Flûte de la Lune
20%
Soleil et Lune Flûte du Soleil
20%
Cristal Glas Transparent
20%
Légendes Pokémon: Arceus Globe Adamant
20%
Légendes Pokémon: Arceus Globe Perlé
20%
Légendes Pokémon: Arceus Globe Platiné
20%
Cristal GS Ball
20%
X et Y Holokit
20%
Platine Lettre Chen
20%
Écarlate Livre Écarlate
20%
Violet Livre Violet
20%
Platine Magnéto VS
20%
Rouge Feu et Vert Feuille Memorydex
20%
Ultra-Soleil et Ultra-Lune Necroluna
20%
Ultra-Soleil et Ultra-Lune Necrosol
20%
Or Heartgold et Argent Soulsilver Orbe Vert
20%
Or et Argent (pas de Poches dans le Sac dans Rouge et Bleu) Passe Bateau
20%
Rubis et Saphir Passe Éon
20%
Noir 2 et Blanc 2 Pierre Magma
20%
Épée et Bouclier Poignet Dynamax
20%
Écarlate Poké Ball de Koraidon
20%
Violet Poké Ball de Miraidon
20%
Or et Argent (pas de Poches dans le Sac dans Rouge et Bleu) Poké Flûte
20%
Or et Argent Pokématos
20%
Rubis et Saphir PokéNav
20%
Diamant et Perle Poké Radar
20%
Or et Argent Remède Secret
20%
X et Y Rollers
20%
Rouge Feu et Vert Feuille Sac à Baies
20%
Écarlate et Violet Sandwich
20%
Saphir Alpha Scaphandre Aqua
20%
Rubis Oméga Scaph Magma
20%
Rouge Feu et Vert Feuille (pas de Poches dans le Sac dans Rouge et Bleu) Scope Sylphe
20%
Rouge Feu et Vert Feuille Tri-Passe
20%
Émeraude Vieillecarte
20%
Noir 2 et Blanc 2 Boîte Médailles
10%
Noir et Blanc Boîte Parure
10%
Soleil et Lune Boîte Zygarde
10%
Or et Argent Carapuce à O
10%
Or et Argent Carnet Zarbi
10%
Épée et Bouclier Carotte Gelée
10%
Épée et Bouclier Carotte Sombre
10%
Diamant et Perle Carte Membre
10%
X et Y Clé Ascenseur (Kalos)
10%
Diamant et Perle Clé du Hangar
10%
Diamant et Perle Clé Galaxie
10%
Rubis et Saphir Clé Salle 1
10%
Rubis et Saphir Clé Salle 2
10%
Rubis et Saphir Clé Salle 4
10%
Rubis et Saphir Clé Salle 6
10%
Rouge Feu et Vert Feuille (pas de Poches dans le Sac dans Rouge et Bleu) Clé Secrète (Kanto)
10%
Diamant et Perle Clé Secrète (Sinnoh)
10%
Rubis et Saphir Clé Stockage
10%
Diamant et Perle Coffret Mode
10%
Épée et Bouclier: Les terres enneigées de la Couronne Crins Blancs
10%
Épée et Bouclier: Les terres enneigées de la Couronne Crins Sombres
10%
Rouge Feu et Vert Feuille (pas de Poches dans le Sac dans Rouge et Bleu) Dentier en Or
10%
Écarlate et Violet: Le trésor enfoui de la Zone Zéro-Le Disque Indigo Disque Indigo
10%
Écarlate et Violet Friandise
10%
Argent Soulsilver Glas Tempête
10%
X et Y Insigne de Kalos
10%
X et Y Méga-Anneau
10%
Noir 2 et Blanc 2 Miroir Sacré
10%
Or et Argent Œuf Mystère
10%
Rubis et Saphir Pack Devon
10%
Rouge Feu et Vert Feuille Passe Prisme
10%
X et Y Pierre Insolite
10%
Légendes Pokémon: Arceus (objet commun avant ces jeux) Plaque Draco
10%
Légendes Pokémon: Arceus (objet commun avant ces jeux) Plaque Esprit
10%
Légendes Pokémon: Arceus (objet commun avant ces jeux) Plaque Fantôme
10%
Légendes Pokémon: Arceus (objet commun avant ces jeux) Plaque Fer
10%
Légendes Pokémon: Arceus (objet commun avant ces jeux) Plaque Flamme
10%
Légendes Pokémon: Arceus (objet commun avant ces jeux) Plaque Glace
10%
Légendes Pokémon: Arceus (objet commun avant ces jeux) Plaque Herbe
10%
Légendes Pokémon: Arceus (objet commun avant ces jeux) Plaque Hydro
10%
Légendes Pokémon: Arceus (objet commun avant ces jeux) Plaque Insecte
10%
Légendes Pokémon: Arceus (objet commun avant ces jeux) Plaque Légende
10%
Légendes Pokémon: Arceus (objet commun avant ces jeux) Plaque Ombre
10%
Légendes Pokémon: Arceus (objet commun avant ces jeux) Plaque Pixie
10%
Légendes Pokémon: Arceus (objet commun avant ces jeux) Plaque Poing
10%
Légendes Pokémon: Arceus (objet commun avant ces jeux) Plaque Renouveau
10%
Légendes Pokémon: Arceus (objet commun avant ces jeux) Plaque Roc
10%
Légendes Pokémon: Arceus (objet commun avant ces jeux) Plaque Terre
10%
Légendes Pokémon: Arceus (objet commun avant ces jeux) Plaque Toxicité
10%
Diamant et Perle Plume Lune
10%
Rouge Feu et Vert Feuille Pot Poudre
10%
Épée et Bouclier: Les terres enneigées de la Couronne Rênes de l'Unité
10%
Écarlate et Violet Rouleau de l'Eau
10%
Écarlate et Violet Rouleau des Ténèbres
10%
Rouge Feu et Vert Feuille Rubis
10%
Rubis et Saphir Sac à Suie
10%
Rouge Feu et Vert Feuille Saphir
10%
Rubis et Saphir Scanner
10%
Émeraude Sceau Magma
10%
Rubis Oméga et Saphir Alpha Vase Scellé
10%
Légendes Pokémon: Arceus Vieux Journal
10%
Légendes Pokémon: Arceus Vieux Poème (1)
10%
Légendes Pokémon: Arceus Vieux Poème (10)
10%
Légendes Pokémon: Arceus Vieux Poème (11)
10%
Légendes Pokémon: Arceus Vieux Poème (12)
10%
Légendes Pokémon: Arceus Vieux Poème (13)
10%
Légendes Pokémon: Arceus Vieux Poème (14)
10%
Légendes Pokémon: Arceus Vieux Poème (15)
10%
Légendes Pokémon: Arceus Vieux Poème (16)
10%
Légendes Pokémon: Arceus Vieux Poème (17)
10%
Légendes Pokémon: Arceus Vieux Poème (18)
10%
Légendes Pokémon: Arceus Vieux Poème (19)
10%
Légendes Pokémon: Arceus Vieux Poème (2)
10%
Légendes Pokémon: Arceus Vieux Poème (20)
10%
Légendes Pokémon: Arceus Vieux Poème (3)
10%
Légendes Pokémon: Arceus Vieux Poème (4)
10%
Légendes Pokémon: Arceus Vieux Poème (5)
10%
Légendes Pokémon: Arceus Vieux Poème (6)
10%
Légendes Pokémon: Arceus Vieux Poème (7)
10%
Légendes Pokémon: Arceus Vieux Poème (8)
10%
Légendes Pokémon: Arceus Vieux Poème (9)
10%
Noir et Blanc Vokit
10%
Légendes Pokémon: Arceus Aile de Créfollet
0%
Légendes Pokémon: Arceus Appâragruel
0%
Légendes Pokémon: Z-A Bague Souvenirs
0%
Écarlate et Violet Baie Pêcha Fabuleuse
0%
Légendes Pokémon: Arceus Boîte à Outils
0%
X et Y Boîte Lentilles
0%
Épée et Bouclier Boîte Pokémon
0%
Diamant et Perle Bon 1
0%
Diamant et Perle Bon 2
0%
Diamant et Perle Bon 3
0%
Rouge Feu et Vert Feuille (pas de Poches dans le Sac dans Rouge et Bleu) Bon Commande
0%
Épée et Bouclier Bouchons Audio
0%
Soleil et Lune Canne à Pêche
0%
Diamant et Perle Carte à Points
0%
Cristal Carte Bleue
0%
Épée et Bouclier Carte Élégance
0%
Écarlate et Violet Carte Élégance Bleue
0%
Écarlate et Violet Carte Élégance Verte
0%
Noir 2 et Blanc 2 Carte Plasma
0%
Noir et Blanc C-Gear
0%
Écarlate et Violet Charme Éclatant
0%
Épée et Bouclier Charme Exp
0%
Épée et Bouclier: l'île solitaire de l'Armure Charme Insigne
0%
Épée et Bouclier Charme Stabilité
0%
Diamant et Perle Clé de Chambre
0%
Diamant et Perle Clé Parc Eolien
0%
Rubis et Saphir Clé Sous-Sol (Hoenn)
0%
Or et Argent Clé Sous-Sol (Johto)
0%
Diamant et Perle Colis (Sinnoh)
0%
Rubis Oméga et Saphir Alpha Costume Live
0%
Épée et Bouclier: Les terres enneigées de la Couronne Couronne en Bois
0%
Noir et Blanc Courrier
0%
Noir et Blanc Crâne Dragon
0%
Ultra-Soleil et Ultra-Lune Cristal Z Althéo
0%
Légendes Pokémon: Arceus Croc de Créfadet
0%
Rubis Oméga et Saphir Alpha Éclat Météorite
0%
Soleil et Lune Festicket
0%
Ultra-Soleil et Ultra-Lune Fleur 7 Couleurs
0%
Légendes Pokémon: Arceus Flûte Céleste
0%
Légendes Pokémon: Arceus Fragment de Mur
0%
Ultra-Soleil et Ultra-Lune Fulguro-Badge
0%
Soleil et Lune Gemme Lumière
0%
Légendes Pokémon: Arceus Glaçon Éternel
0%
Épée et Bouclier: Les terres enneigées de la Couronne Graines Carotte
0%
Légendes Pokémon: Arceus Griffe de Créhelf
0%
Légendes Pokémon: Arceus Journal Déchiré
0%
Épée et Bouclier Kit de Camping
0%
Rubis Oméga et Saphir Alpha Kit Pokébloc
0%
Diamant et Perle Kwakarrosoir
0%
Diamant Étincelant et Perle Scintillante Lecteur DS
0%
Or Heartgold et Argent Soulsilver Lecteur GB
0%
Rubis et Saphir Lettre à Pierre
0%
X et Y Lettre du Prof
0%
Épée et Bouclier Lettre Jaunie
0%
Écarlate et Violet Livre de Bria
0%
Épée et Bouclier Livre de Sonya
0%
Rubis et Saphir Lunettes Sable
0%
Soleil et Lune Masque du Prof
0%
Écarlate et Violet Masque Turquoise
0%
Soleil et Lune Message Mystère
0%
Légendes Pokémon: Arceus Minerai Origine
0%
Rubis et Saphir Mixeur à Baies
0%
Écarlate et Violet Morceau de Cristal
0%
Épée et Bouclier Moti-Catalogue
0%
Épée et Bouclier Moticyclette
0%
Noir 2 et Blanc 2 Mouchoir Sale
0%
Or Heartgold et Argent Soulsilver Mystécristal
0%
X et Y Nénurrosoir
0%
Noir 2 et Blanc 2 Nikodule
0%
Or Heartgold et Argent Soulsilver Noigrume Drink
0%
Or Heartgold et Argent Soulsilver Noigrume Shaker
0%
Épée et Bouclier: Les terres enneigées de la Couronne Note Légende (?)
0%
Épée et Bouclier: Les terres enneigées de la Couronne Note Légende 1
0%
Épée et Bouclier: Les terres enneigées de la Couronne Note Légende 2
0%
Épée et Bouclier: Les terres enneigées de la Couronne Note Légende 3
0%
Légendes Pokémon: Arceus Objet Perdu (Hisui)
0%
Or et Argent Objet perdu (Kanto)
0%
Noir 2 et Blanc 2 Objet Trouvé
0%
Écarlate et Violet Orbe Téracristal
0%
Légendes Pokémon: Arceus Origine Ball
0%
Légendes Pokémon: Arceus Pacifi-Espace
0%
Légendes Pokémon: Arceus Pacifi-Forêt
0%
Légendes Pokémon: Arceus Pacifi-Marais
0%
Légendes Pokémon: Arceus Pacifi-Montagne
0%
Légendes Pokémon: Arceus Pacifi-Neige
0%
Légendes Pokémon: Arceus Pacifisphère
0%
Légendes Pokémon: Arceus Pacifi-Temps
0%
Légendes Pokémon: Arceus Pacifi-Volcan
0%
Or et Argent Partie Mach
0%
Épée et Bouclier Pass Couronneige
0%
X et Y Passe Centrale
0%
Rubis et Saphir Passe Concours
0%
X et Y Passe TMV
0%
Épée et Bouclier Pass Isolarmure
0%
Noir et Blanc Pass Liberté
0%
Écarlate et Violet Perche à Motismart
0%
Noir 2 et Blanc 2 Permis
0%
Ultra-Soleil et Ultra-Lune Pétage Vert
0%
Ultra-Soleil et Ultra-Lune Pétale Bleu
0%
Épée et Bouclier Pétale Brillant
0%
Ultra-Soleil et Ultra-Lune Pétale Jaune
0%
Ultra-Soleil et Ultra-Lune Pétale Orange
0%
Ultra-Soleil et Ultra-Lune Pétale Rose
0%
Ultra-Soleil et Ultra-Lune Pétale Rouge
0%
Ultra-Soleil et Ultra-Lune Pétale Violet
0%
Or Heartgold et Argent Soulsilver Plante-Baies
0%
Légendes Pokémon: Arceus (objet commun avant ces jeux) Plaque Ciel
0%
Légendes Pokémon: Arceus (objet commun avant ces jeux) Plaque Volt
0%
Rubis Oméga et Saphir Alpha Plongeur Devon
0%
Ultra-Soleil et Ultra-Lune Poké Ball donnée
0%
Légendes Pokémon: Z-A Rameau de Vie
0%
Épée et Bouclier Recommandation
0%
Diamant et Perle Registre Ami
0%
Rubis Oméga et Saphir Alpha Robe Live
0%
Soleil et Lune Sac Ingrédients
0%
Légendes Pokémon: Z-A Sacoche de Rudi
0%
Ultra-Soleil et Ultra-Lune Super Bracelet Z
0%
Écarlate et Violet Synchrotron
0%
Rouge Feu et Vert Feuille Thé
0%
Émeraude Ticketaurora
0%
X et Y Ticket Beladonis
0%
Rubis Oméga et Saphir Alpha Ticket Duo
0%
Émeraude Ticketmystik
0%
Soleil et Lune Trousse Beauté
0%
Diamant et Perle Vieux Grigri
0%
Rubis et Saphir Wailmerrosoir
0%
Aucun quiz correspondant
Distribution des résultats
% des personnes avec chaque résultat
Percentile par nombre de réponses
Votre historique - résultats
Vous n’avez pas pris ce quiz depuis la dernière actualisation